000 00316nam a2200133Ia 4500
008 100328s9999 xx 000 0 und d
082 _b888
100 _aWodehouse P.G.
245 _aJill The Reckless
260 _bHerhert Jenkins
630 _aJill The Reckless
730 _aJill The Reckless
942 _cBOOK
999 _c497190
_d497187